000 00708nam a2200289Ia 4500
005 20260324114554.0
008 008 260324s9999 xx 000 0 eng d
020 _a9780429341106
037 _aEBOOK
040 _aCRL
040 _beng
040 _cCRL
041 _2eng
041 _aeng
084 _qCRL
100 _aGunjan Mukherjee; Sunny Dhiman
_91151307
245 0 _aWaste Management
245 0 _bOpportunities and Challenges for Sustainable Development
260 _bTaylor and Francis
260 _c2022
365 _a
365 _b340
856 _uhttp://www.taylorfrancis.com/books/9780429341106
942 _cEBOOK
999 _c1741566
_d1741566